000
00306nam a22001457a 4500
003
SGT
020
_a
9789352837311
082
_a
339
_b
AHU
100
_a
AHUJA, H.L.
245
_a
PRINCIPLES OF MICROECONOMICS
250
_a
22TH
260
_a
INDIA
_b
S.CHAND
_c
2021
300
_a
850
942
_2
ddc
_c
BK
_0
33
999
_c
22660
_d
22660